| 000 | 00864nam a2200241Ia 4500 | ||
|---|---|---|---|
| 003 | GCL | ||
| 008 | 140319s9999 xx 000 0 ara d | ||
| 020 | _a2374409960 | ||
| 040 |
_aGCL / _cGCL |
||
| 082 | 0 | 4 |
_a953 _bهـ ن |
| 100 | 1 | _aهوفمان، مراد ويلفريد | |
| 245 | 1 | 0 |
_aنظام الحكم الاسلامى فى العصر الحديث / _cهوفمان، مراد ويلفريد |
| 250 | _aالاولى | ||
| 260 |
_aالرياض : _bمكتبة العبيكان ، _c2003 |
||
| 300 |
_a157 ص ؛ _c20 سم |
||
| 650 | 0 | 4 | _aالتاريخ الاسلامى |
| 650 | 0 | 4 | _aالحضارة الاسلامية |
| 650 | 0 | 4 | _aالاسلام - النظام السياسى |
| 650 | 0 | 4 | _aالاسلام والغرب |
| 650 | 0 | 4 | _aالاسلام، نظام الحكم فى |
| 650 | 0 | 4 | _aالاسلام وحقوق الانسان |
| 942 |
_2ddc _cBK |
||
| 999 |
_c7919 _d7919 |
||